| 000 | 02052cam a22003731i 4500 | ||
|---|---|---|---|
| 003 | SA-RiAUC | ||
| 005 | 20241011153009.0 | ||
| 008 | 241007s1999 su a g b f000r0 ara c | ||
| 020 | _a9960605019 | ||
| 020 | _a9016059960 | ||
| 040 |
_aSA-JeALM _bara _cSA-RiAUC _erda |
||
| 050 | 4 | _bS29 1999 | |
| 082 | 0 | 4 |
_a237.6 _qSA-RiAUC |
| 090 |
_a237.6 _bس م ر |
||
| 100 | 1 |
_aالسمرقندي، عثمان بن محمد بن أحمد، _d250-345 هجري _eمؤلف. |
|
| 245 | 1 | 2 |
_aالجزء فيه من الفوائد المنتقاة الحسان العوالي من حديث أبي عمرو عثمان بن أحمد بن محمد بن هارون السمرقندي المتوفي سنة (345) هـ. عن شيوخه / _cأبو عمرو عثمان بن أحمد بن محمد بن هارون السمرقندي ؛ تحقيق محمد بن عبد الكريم عبيد. |
| 246 | 3 | 0 | _aالفوائد المنتقاة الحسان العوالي |
| 250 | _aالطبعة الأولى. | ||
| 264 | 1 |
_aمكة المكرمة : _bجامعة أم القرى، _c2000 |
|
| 300 |
_a208 صفحة : _bمصور ؛ _c24 سم. |
||
| 336 |
_aنص _btxt _2rdacontent _3كتاب |
||
| 337 |
_aبدون وسيط _bn _2rdamedia |
||
| 338 |
_aمجلد _bnc _2rdacarrier |
||
| 490 | 0 | _aمن التراث الإسلامي | |
| 504 | _aببليوجرافية : صفحة 189-206. | ||
| 650 | 7 |
_aالحديث _xمستخرجات _2aucsh |
|
| 650 | 7 |
_aالحديث _xأحكام _2aucsh |
|
| 700 | 1 |
_aالبنجابي، محمد بن عبد الكريم بن عبيد، _d1380 هجري- _eمحقق. |
|
| 700 | 1 | 2 |
_iتحقيق لـ (عمل) : _aالسمرقندي، عثمان بن محمد بن أحمد، _d250-345 هجري. _tالجزء فيه من الفوائد المنتقاة الحسان العوالي |
| 856 |
_uhttp://libback.uqu.edu.sa/hipres/e-book/eb327.pdf _zالنص المختصر |
||
| 942 |
_2ddc _cBOOK _n0 |
||
| 949 |
_aSA-JeALM _d241007 _umohamedma123 _n1 |
||
| 999 |
_c1183 _d1183 |
||